LEADER 01499nam0 2200337 i 450 001 SUN0001897 005 20140625090753.299 010 $a88-02-04896-7 020 $aIT$b95 6874 100 $a20020701d1994 |0itac50 ba 101 $aita 102 $aIT 105 $a|||| ||||| 200 1 $aˆIl ‰regime tributario del processo civile$fAugusto Fantozzi, Giuseppe Tinelli 210 $aTorino$cUTET$dc1994 215 $aVII, 243 p.$d25 cm. 410 1$1001SUN0072869$12001 $aˆIl ‰processo civile$v5$1210 $aTorino$cUtet. 606 $aSpese giudiziali$xDiritto tributario$2SG$3SUNC029455 620 $dTorino$3SUNL000001 676 $a343.45057$v21 700 1$aFantozzi$b, Augusto$3SUNV001982$0109804 701 1$aTinelli$b, Giuseppe$3SUNV001983$0145271 712 $aUTET$3SUNV000072$4650 801 $aIT$bSOL$c20181109$gRICA 912 $aSUN0001897 950 $aUFFICIO DI BIBLIOTECA DEL DIPARTIMENTO DI GIURISPRUDENZA$d00 CONS XVI.B.5 $e00 6295 950 $aUFFICIO DI BIBLIOTECA DEL DIPARTIMENTO DI GIURISPRUDENZA$d00 CONS FTA.367 $e00 FTN8158 995 $aUFFICIO DI BIBLIOTECA DEL DIPARTIMENTO DI GIURISPRUDENZA$h6295$kCONS XVI.B.5$op$qa 995 $aUFFICIO DI BIBLIOTECA DEL DIPARTIMENTO DI GIURISPRUDENZA$gFTN$h8158$kCONS FTA.367$oc$qa 996 $aRegime tributario del processo civile$9507960 997 $aUNICAMPANIA